Einstellige Kfz-Kennzeichen in Deutschland - Statistiken

Allgemein
  • Dieses Quiz wurde 1.035 mal gespielt
    974 seit der letzten Aktualisierung
  • Das Durchschnittsergebnis liegt bei 16 aus 23
Antwortstatistiken
Hinw. Lösung % Korrekt
B Bundesland Berlin
99%
M Stadt und Landkreis München
94%
D Stadt Düsseldorf
93%
F Stadt Frankfurt am Main
93%
E Stadt Essen
92%
K Stadt Köln
91%
N Stadt Nürnberg, Nürnberger Land
91%
A ⠀Stadt und Landkreis Augsburg⠀
90%
H Region Hannover
89%
S Stadt Stuttgart
87%
C Stadt Chemnitz
85%
J Stadt Jena
83%
P Stadt Potsdam
77%
L Stadt und Landkreis Leipzig
77%
R Stadt und Landkreis Regensburg
71%
G Stadt Gera
61%
W Stadt Wuppertal
54%
Z Landkreis Zwickau
53%
Y Dienstfahrzeuge der Bundeswehr
50%
0 Höchste Bundesregierungsmitglieder, internationale Diplomaten
45%
V Vogtlandkreis
27%
X Dienstfahrzeuge von internationalen Nato-Militären in Deutschland
11%
1 Bundestagspräsidium
4%
Keine übereinstimmenden Quizze gefunden
Verteilung der Resultate
Anzahl Personen mit jedem Resultat
Perzentil nach korrekt beantworteten Fragen
Ihre Resultats-Entwicklung
Sie haben dieses Quiz seit der letzten Aktualisierung nicht gespielt